Cuarto centenario de Chillán: 1580-1980

Tallennettuna:
Bibliografiset tiedot
Aineistotyyppi: Kirja
Kieli:espanja
Julkaistu: s.l s.n 1980
Aiheet:
Tagit: Lisää tagi
Ei tageja, Lisää ensimmäinen tagi!

MARC

LEADER 00000nam a2200000 a 4500
001 UCO2564
003 CL-VaPUC
005 20210804001428.0
008 000608e19800000cl |||||||||||||||||spa|d
999 |c 289069  |d 289067 
040 |c Pontificia Universidad Católica de Valparaíso 
082 0 4 |a 983.38 CUA 1980  |2 21 
245 1 0 |a Cuarto centenario de Chillán:  |b  1580-1980 
260 |a s.l  |b s.n  |c 1980 
300 |a 23 páginas 
583 |a last modification  |c 20180108 01:57:43  |k Rodrigo Vera 
650 0 |a Ciudades  |z CHILLAN  |z CHILE  |9 265474 
650 0 |a Historia  |z CHILLAN  |9 255047 
650 7 |a HISTORIA DE CHILE  |2 CL-VaPUC  |9 445915  |y 1580-1980  |z CHILLAN 
852 |a BIBCUR 
942 |c BK  |2 ddc 
945 |d 20000608 00:00:00  |a crobeson 
952 |0 0  |1 0  |2 ddc  |4 0  |6 983_380000000000000_CUA_1980  |7 0  |8 A  |9 337206  |a BIBHIS  |b BIBHIS  |d 2019-11-20  |i 1292692  |o 983.38 CUA 1980  |p 1292692  |r 2025-01-20  |t 1  |w 2019-11-20  |y BK  |k HIS